| 000 | 00438nam a22001817a 4500 | ||
|---|---|---|---|
| 003 | OSt | ||
| 005 | 20240621162414.0 | ||
| 008 | 240621b |||||||| |||| 00| 0 eng d | ||
| 020 | _a9798885751414 | ||
| 082 |
_a200 _bDIXA |
||
| 100 | _aDixit, Sanjay | ||
| 245 | _aAll Religions are not the same | ||
| 260 |
_aGurugram _bGaruda Prakashan Pvt.Ltd. _c2023 |
||
| 300 | _a187 | ||
| 546 | _aEnglish | ||
| 650 | _aReligion | ||
| 942 |
_2ddc _cBK |
||
| 999 |
_c3578 _d3578 |
||